Statistiques concernant Sept collines de Rome

Cliquez ici pour prendre le quiz!

Statistiques générales

  • Ce quiz a été pris 2 778 fois
  • Le résultat moyen est 4 sur 7

Réponses sur la Carte

Les réponses sont colorées sur une échelle allant du rouge au vert en fonction du pourcentage des utilisateurs qui les ont devinées à leur premier essai. Vous pouvez retrouver ces pourcentages ci-dessous.
Chargement ...
 

Statistiques - réponses

Colline% Correct
Palatin
84%
Aventin
60%
Capitole
60%
Quirinal
46%
Esquilin
35%
Viminal
35%
Cælius
32%

Distribution des résultats

Percentile par nombre de réponses

% des personnes avec chaque résultat

Votre développement - résultats

Vous n’avez pas pris ce quiz